000
00226nam a22000857a 4500
008
161013b xxu||||| |||| 00| 0 eng d
100
_9
829
_a
Verma.R.
245
_a
CCE-Science Manual
260
_a
New Delhi
_b
S. Chand Publications
_c
2012
999
_c
3481
_d
3481